Galileo Galilei y la inquisición romana

Saved in:
Bibliografiske detaljer
Hovedforfatter: Furlong, Guillermo (Author)
Format: Bog
Sprog:spansk
Udgivet: Buenos Aires Club de Lectores 1964
Fag:
Tags: Tilføj Tag
Ingen Tags, Vær først til at tagge denne postø!

MARC

LEADER 00000nam a2200000 a 4500
001 UCW8502
003 CL-VaPUC
008 880914e19640000AG |||||||||||||||||spa|d
082 0 4 |a 925.2  |b FUR  |2 21 
100 0 |a Furlong, Guillermo  |e author  |9 313684 
245 1 0 |a Galileo Galilei y la inquisición romana 
300 |a 96 p 
942 |c BK 
945 |d 19880914 00:00:00 
260 |a Buenos Aires  |b Club de Lectores  |c 1964 
600 0 |a Galilei, Galileo  |9 264973 
650 0 |a Biografías  |9 255210 
650 0 |a Crítica e interpretación   |9 255042 
583 |a last modification  |c 19880914 00:00:00  |k Rodrigo Vera 
999 |c 220853  |d 220851 
952 |0 0  |1 0  |4 0  |6 925_200000000000000_FUR_1964  |7 0  |8 A  |9 213581  |a BIBHIS  |b BIBHIS  |d 2019-11-15  |i 2819317  |l 1  |o 925.2 FUR 1964  |p 2819317  |r 2025-01-20  |s 2024-11-18  |w 2019-11-15  |y BK  |k HIS